01349nam a2200325Ia 4500001001200000003000800012006001900020007001500039008004100054020002200095040002100117035002000138050002300158100004000181245007800221250001600299260004400315300001900359500006200378500007700440504006600517533015200583600003600735650003100771651003200802655002900834710001700863856012600880999001701006ebr10017847CaPaEBRm u cr cn|||||||||010126s1984 enka sb 001 0 eng d z0415214645 (pbk.) aCaPaEBRcCaPaEBR a(OCoLC)7072890314aDG285b.G75 1984eb1 aGriffin, Miriam T.q(Miriam Tamara)10aNeroh[electronic resource] :bthe end of a dynasty /cMiriam T. Griffin. a2nd pbk ed. aLondon ;aNew York :bRoutledge,c1984. a320 p. :bill. aOriginally published: London : B.T. Batsford, Ltd., 1984. aPreface to second paperback ed. p. 10; supplementary bibliography p. 11. aIncludes bibliographical references (p. 302-309) and indexes. aElectronic reproduction.bPalo Alto, Calif. :cebrary,d2013.nAvailable via World Wide Web.nAccess may be limited to ebrary affiliated libraries.00aNero,cEmperor of Rome,d37-68. 0aEmperorszRomevBiography. 0aRomexHistoryyNero, 54-68. 7aElectronic books.2local2 aebrary, Inc.40uhttp://site.ebrary.com/lib/rucke/Doc?id=10017847zAn electronic book accessible through the World Wide Web; click to view c28189d28189